Multikriteriálne rozhodovanie pre plánovanie zariadenia staveniska

Salvato in:
Dettagli Bibliografici
Autore principale: Ďubek, Silvia, 1988- (Autore)
Altri autori: Wernerová, Eva (Revisore), Ondrášová, Stanislava (Revisore)
Natura: Libro
Lingua:slovacco
Pubblicazione: Brno : Tribun EU, 2018
Edizione:1. vyd.
Soggetti:
Tags: Aggiungi Tag
Nessun Tag, puoi essere il primo ad aggiungerne!!

MARC

LEADER 00000nam a22000003a 4500
001 0069191
003 SK-STU
005 20220228172358.2
007 ta
008 181129s -------||||||||||-|||-||----d
020 |a 978-80-263-1509-4 
035 |a biblio/86929  |2 CREPC2 
041 0 |a slo 
044 |a xr 
100 1 |4 aut  |a Ďubek, Silvia,  |d 1988-  |u 010270  |r Z1  |9 100  |U SvF Stavebná fakulta  |T SvF Katedra technológie stavieb  |X 49683  |U V270  |Y 28  |7 A000049683 
242 0 0 |a Multi-criteria decision making for construction site equipment planning  |y eng 
245 1 0 |a Multikriteriálne rozhodovanie pre plánovanie zariadenia staveniska 
250 |a 1. vyd. 
260 |a Brno :  |b Tribun EU,  |c 2018 
300 |a 77 s. 
650 0 4 |a zariadenia staveniska 
650 0 4 |a plánovanie 
650 0 4 |a rozhodovanie 
700 1 |a Wernerová, Eva  |4 rev 
700 1 |a Ondrášová, Stanislava,  |4 rev  |X 58914  |7 A000058914 
996 |b 284V041014  |c V* 52831/O-23988  |l VVT  |s A  |a 24  |w 0069191_0001